000
00432nam a2200133Ia 4500
008
100328s9999 xx 000 0 und d
082
_b
13106
100
_a
वझे यशवंत गणेश
245
_a
नौका आणि नाविक कथा
260
_b
आनंद
630
_a
नौका आणि नाविक कथा
730
_a
नौका आणि नाविक कथा
942
_c
BOOK
999
_c
508307
_d
508304